Anl̀isis prc̀tico de un juicio de deshaucio por falta de pago

Detalles Bibliográficos
Autor principal: Achn̤ Bruň̨, Mara̕ Još
Formato: Desconocido
Lenguaje:español
Publicado: Barcelona : Bosch, 2007
Materias:
Acceso en línea:Acceso restringido

MARC

LEADER 00000ny a22000003n 4500
005 20110622144837.0
008 081008s2007 sp s 000 0 spa c
020 |a 8476988028 
035 |a 2160 
040 |a UMA.RE  |d vLex 
080 |a 347.919(460)(0.034) 
090 |c 1022  |d 1022 
100 1 |a Achn̤ Bruň̨, Mara̕ Još 
245 1 0 |a Anl̀isis prc̀tico de un juicio de deshaucio por falta de pago  |h [Recurso electrn̤ico]  |c Mara̕ Jos ̌Achn̤ Bruň̨ 
256 |a Servicio en ln̕ea 
260 |a Barcelona :  |b Bosch,  |c 2007 
506 1 |a Contenido solo disponible en los productos indicados  |d vLex Global  |d vLex Global (Academic Edition, excluding Law Schools)  |d vLex Global (U.S. Academic Edition, Law Schools)  |d vLex Global (U.S. Academic Edition, excluding Law Schools)  |d vLex Global (Academic Edition, Law Schools) 
650 0 7 |a Juicio de Desahucio  |2 Tesauro vLex 
650 0 7 |a Civil  |2 Tesauro vLex 
650 0 7 |a Falta de pago de la renta  |2 Tesauro vLex 
740 0 |a vLex Libros (Servicios en ln̕ea) 
856 4 0 |u http://vlex.com/source/2160  |z Acceso restringido 
942 |c BOOK